Statistics for Sweden A-Z

Click here to take the quiz!

General Stats

  • This quiz has been taken 297 times
  • The average score is 16 of 26

Answer Stats

LetterHintAnswer% Correct
AWaterloo, Dancing Queen & Mamma MiaABBA
96%
KCurrency of SwedenKrona
90%
MThird largest city in SwedenMalmö
90%
IJukkasjärvi is home to the world's first hotel made of...Ice
88%
CInventor of common temperature scaleAnders Celsius
85%
DAlfred Nobel's notorious inventionDynamite
85%
GSweden's largest islandGotland
83%
ØBridge that connects Sweden to DenmarkØresund Bridge
78%
PFamous ginger haired children's characterPippi Longstocking
78%
BSea Sweden coastsBaltic Sea
75%
UOldest university in SwedenUppsala University
73%
SPeninsula Sweden is onScandinavia
72%
FSwedish tradition of having a coffee breakFika
68%
XKing of Sweden is "Carl ___ Gustaf"XVI
63%
VLargest lake in Sweden, fifth largest in EuropeVänern
60%
RThe name for the parliament of SwedenRiksdag
58%
YTown right on the southern tip of SwedenYstad
56%
TThe tallest building in SwedenTurning Torso
51%
JTitle of Swedish nobleman (Hint: Swedish for 'Earl')Jarl
49%
LAuthor of PAstrid Lindgren
43%
HThree brothers that won Eurovision 1984Herreys
35%
NSweden was the first 'N______ country'Neutral
34%
QSweden always ranks highly in this indexQuality of life
25%
ZOne of Sweden's most famous painters of portraitsAnders Zorn
20%
WHoliday on the 30th April celebrating the start of summerWalpurgis Night
15%
E"Nothing sucks like an __________"Electrolux
8%

Score Distribution

Percentile by Number Answered

Percent of People with Each Score

Your Score History

You have not taken this quiz